000
00292nam a22001097a 4500
008
230704b xxu||||| |||| 00| 0 eng d
082
_a
362.5
_b
GOK 2000
245
_a
Interim Poverty Reduction Strategy Paper for the Period 2000-2003
260
_b
GOK
_c
2000
300
_a
V,92p
942
_2
ddc
_c
BK
999
_c
3856
_d
3856